| 000 | 00671cab a2200241 4500 | ||
|---|---|---|---|
| 001 | ABS54261 | ||
| 008 | 090401t1996 xxu||||| |||| 00| 0 eng d | ||
| 035 | _a(Sirsi) u9366 | ||
| 041 | _aeng | ||
| 100 | _aCottam, G. | ||
| 245 | _aTime for clarity | ||
| 260 | _c1996 | ||
| 350 | _a0 | ||
| 490 |
_aConstruction News _v(6448) 18 January 1996, 12(1) |
||
| 520 | _aConsiders problems caused by time clauses in construction contracts. | ||
| 650 | _aBUILT ENVIRONMENT-BUILDING CONTRACT FORMS | ||
| 650 | _aCLAIMS | ||
| 650 | _aLATE COMPLETION | ||
| 650 | _aTIME CLAUSES | ||
| 690 | _aBUILT ENVIRONMENT-BUILDING CONTRACT FORMS | ||
| 942 | _n0 | ||
| 948 | _c04/03/1997 | ||
| 999 |
_c5839 _d5839 |
||